000
00338nam a2200133Ia 4500
008
240624s9999 xx 000 0 und d
041
_a
eng
082
_a
338 LIV
100
_a
LIVINGSTON JESSICA
245
_a
FOUNDERS AT WORK STORIES OF STARTUP S EA
260
_c
2007
_a
New Delhi
_b
Apress Books
300
_a
500 : p.
365
_c
RS
_b
30
999
_c
14698
_d
14698